000 00886nam a22002177a 4500
003 OSt
005 20260302150938.0
008 211108b |||||||| |||| 00| 0 eng d
040 _cMAL
082 _a700 MAG
_b20486
100 _aMagritte
245 _aArtist Collection
260 _aLondon
_bGuildhall Art Gallery
_c1957
300 _a41 pages:
_billustrations
_c 30 cm.
500 _aIncludes bibliographical references and index.
520 _aA comprehensive survey of the work of Belgian surrealist artist René Magritte, featuring reproductions of over one hundred paintings along with essays by art historians that place his practice in historical and cultural context, exploring his influence on modern art and surrealist movements.
650 _aMagritte, René, 898-1967 Catalogs.
650 _aSurrealism Catalogs.
650 _aArt
_xHistory.
942 _2ddc
_cBK
_n0
999 _c14128
_d14128